Państwa graniczące z Kazachstanem - Statystyki

Ogólne statystyki
  • Ten quiz został rozwiązany 130 razy
  • Średni wynik to 4 z 5
Statystyki odpowiedzi
Długość granicy w km Odpowiedź % Poprawnych
7591 Rosja
100%
1782 Chiny
90%
2354 Uzbekistan
86%
1241 Kirgistan
79%
426 Turkmenistan
72%
Nie znaleziono quizów pasujących do podanych kryteriów
Rozkład punktacji
Procent ludzi z każdym wynikiem
Percentyl według liczby udzielonych odpowiedzi
Twoja historia wyników
Nie rozwiązałeś tego quizu